Budúcnosť severoatlantických vzťahov v kontexte hospodárskej spolupráce diplomová práca

Guardado en:
Detalles Bibliográficos
Autor principal: Zolcer, Dávid
Autor Corporativo: Fakulta medzinárodných vzťahov EU. Katedra medzinárodných ekonomických vzťahov a hospodárskej diplomacie
Otros Autores: Dudáš, Tomáš, 1976-
Formato: Libro
Lenguaje:eslovaco
Publicado: Bratislava 2013
Etiquetas: Agregar Etiqueta
Sin Etiquetas, Sea el primero en etiquetar este registro!

MARC

LEADER 00000nbm a2200000 4500
001 0170590
005 20161109102356.3
041 0 |a slo 
044 |a SK 
245 1 0 |a Budúcnosť severoatlantických vzťahov v kontexte hospodárskej spolupráce  |b diplomová práca  |c Dávid Zolcer ; školiteľ: Tomáš Dudáš 
264 1 |a Bratislava  |c 2013 
300 |a 101 s. 
100 1 |a Zolcer, Dávid 
700 1 |a Dudáš, Tomáš, 1976- 
710 2 |a Fakulta medzinárodných vzťahov EU. Katedra medzinárodných ekonomických vzťahov a hospodárskej diplomacie